000 01078nam a2200253Ia 4500
999 _c56059
_d56059
001 23159
003 GE_BSU
005 20230721114538.0
008 181216s2002||||ge |||||||||||||| ||geo||
020 _a99928-914-6-7
040 _cGE_BSU
041 _ageo
080 _a821.111-31 გ-65
100 _aგოლდინგი, უილიამ
_919486
245 _aბუზთა ბატონი :
_bრომანი /
_cუილიამ გოლდინგი ; ინგლ. თარგმნა ნინო ქაჯაიამ ; რედ. ლოლა ქადაგიშვილი.
264 _aთბილისი :
_bბაკურ სულაკაურის გამ-ბ,
_c2002.
300 _a206 გვ. ;
_c20 სმ..
541 _h12 ლ.
653 _aბუზთა ბატონი
653 _aრომანი
700 _aქაჯაია, ნინო
_eმთარგმნელი
_91285
700 _aქადაგიშვილი, ლოლა
_eრედაქტორი
_94909
942 _cBK
_2udc